| 000 | 00469nam a22001817a 4500 | ||
|---|---|---|---|
| 003 | NUST - PNEC | ||
| 005 | 20170116180803.0 | ||
| 008 | 150420b xxu||||| |||| 00| 0 eng d | ||
| 020 | _a- | ||
| 040 | _cLIBRARY | ||
| 082 | _a320.954 CAL | ||
| 100 |
_92772 _aCallard Keith |
||
| 245 |
_aPakistan A Political Study _cKeith Callard |
||
| 260 |
_aLondan _bGeorge Allen & Unwin LTD _cC1957. |
||
| 300 | _a355P. : | ||
| 650 |
_92774 _aPolitical _xGeneral |
||
| 942 |
_2ddc _cBK |
||
| 999 |
_c63087 _d63087 |
||